| 000 | 00805nam a2200229 4500 | ||
|---|---|---|---|
| 010 | _aB-110391 | ||
| 020 | _a8180380130 | ||
| 035 | _aB-110391 | ||
| 037 | _bCen Lib / Ret | ||
| 040 |
_aDPL _bEN |
||
| 082 |
_a345.54 _bSAR |
||
| 100 | _aSarvaria, S. K. | ||
| 245 |
_aR.A. Nelson's Indian Penal Code / _cby S. K, Sarvaria |
||
| 250 | _a9th ed | ||
| 260 |
_aNew Delhi _bLexisNexis Butterworths _c2003 |
||
| 270 |
_aC-38A, First Floor Gali no. 13 _bDelhi _e110092 |
||
| 300 |
_a(v 1. lxxxviii, 1466 ; v 2. lxxii, 1467-2614p) _c27cm(Hb) |
||
| 505 | _a4 v ; v 1. Sections 1-160 ; v 2. Sections 161-298; v. 3. Sections 299-377(not available) ; v 4. Sections 378-511.(not available) | ||
| 650 | _aCriminal law -- India. | ||
| 650 | _aCriminal law. | ||
| 942 |
_2ddc _cEN _h345.54 _mSAR |
||
| 999 |
_c136869 _d136869 |
||